00341nam a2200145Ia 4500008004100000020001800041041000800059082001500067100001600082245002500098260003300123300000700156365001600163700001600179230718s9999 xx 000 0 und d a9788179926901 aeng a248.4bWAL aWalsch N.D. aJoy Of Relationships c2012bJaico Publishing House a90 cRs.b150.00 aWalsch N.D.